<?xml version="1.0" encoding="UTF-8"?>
<record
    xmlns:xsi="http://www.w3.org/2001/XMLSchema-instance"
    xsi:schemaLocation="http://www.loc.gov/MARC21/slim http://www.loc.gov/standards/marcxml/schema/MARC21slim.xsd"
    xmlns="http://www.loc.gov/MARC21/slim">

  <leader>00544nam a2200169Ia 4500</leader>
  <controlfield tag="008">230718s9999    xx            000 0 und d</controlfield>
  <datafield tag="020" ind1=" " ind2=" ">
    <subfield code="a">9789350041888</subfield>
  </datafield>
  <datafield tag="041" ind1=" " ind2=" ">
    <subfield code="a">eng</subfield>
  </datafield>
  <datafield tag="082" ind1=" " ind2=" ">
    <subfield code="a">006.7'8</subfield>
    <subfield code="b">BET</subfield>
  </datafield>
  <datafield tag="100" ind1=" " ind2=" ">
    <subfield code="a">Betts D.</subfield>
    <subfield code="9">192916</subfield>
  </datafield>
  <datafield tag="245" ind1=" " ind2=" ">
    <subfield code="a">Developing Applications For The Cloud</subfield>
    <subfield code="b">On The Microsoft Windows Azure Platform</subfield>
  </datafield>
  <datafield tag="260" ind1=" " ind2=" ">
    <subfield code="c">2011</subfield>
    <subfield code="b">Dreamtech/Microsoft</subfield>
  </datafield>
  <datafield tag="300" ind1=" " ind2=" ">
    <subfield code="a">148</subfield>
  </datafield>
  <datafield tag="365" ind1=" " ind2=" ">
    <subfield code="c">Rs.</subfield>
    <subfield code="b">399.00</subfield>
  </datafield>
  <datafield tag="700" ind1=" " ind2=" ">
    <subfield code="a">Betts D.; Densmore S.; Dunn R. &amp; Narumoto M.</subfield>
    <subfield code="9">195920</subfield>
  </datafield>
  <datafield tag="906" ind1=" " ind2=" ">
    <subfield code="d">O:0437122-Dec-2014B:IN 169429-Oct-2014</subfield>
    <subfield code="c">COMP</subfield>
    <subfield code="b">99.75</subfield>
  </datafield>
  <datafield tag="999" ind1=" " ind2=" ">
    <subfield code="c">338897</subfield>
    <subfield code="d">338897</subfield>
  </datafield>
  <datafield tag="952" ind1=" " ind2=" ">
    <subfield code="0">0</subfield>
    <subfield code="1">0</subfield>
    <subfield code="4">0</subfield>
    <subfield code="7">0</subfield>
    <subfield code="a">CCEP</subfield>
    <subfield code="b">CCEP</subfield>
    <subfield code="d">2014-12-22</subfield>
    <subfield code="e">Pradeep Book Distributors</subfield>
    <subfield code="f">COMP</subfield>
    <subfield code="g">299.25</subfield>
    <subfield code="i">IN 1694</subfield>
    <subfield code="l">0</subfield>
    <subfield code="o">006.7'8</subfield>
    <subfield code="p">CCEP-BK-50104</subfield>
    <subfield code="r">2023-07-18 00:00:00</subfield>
    <subfield code="t">99.75</subfield>
    <subfield code="v">399.00</subfield>
    <subfield code="w">2014-10-29</subfield>
    <subfield code="y">BK</subfield>
    <subfield code="z">050104</subfield>
  </datafield>
</record>
